Be a geologist / (Record no. 8672)

MARC details
000 -LEADER
fixed length control field 00943nam a22002657a 4500
001 - CONTROL NUMBER
control field 8672
003 - CONTROL NUMBER IDENTIFIER
control field FISKH
005 - DATE AND TIME OF LATEST TRANSACTION
control field 20251009143733.0
008 - FIXED-LENGTH DATA ELEMENTS--GENERAL INFORMATION
fixed length control field 251009b cb ||||| |||| 00| 0 eng d
020 ## - INTERNATIONAL STANDARD BOOK NUMBER
International Standard Book Number 9781338048797
040 ## - CATALOGING SOURCE
Original cataloging agency FISKH
Language of cataloging eng
Transcribing agency FISKH
Modifying agency FISKH
050 ## - LIBRARY OF CONGRESS CALL NUMBER
Classification number QE34.N34
082 ## - DEWEY DECIMAL CLASSIFICATION NUMBER
Classification number 550.23
100 ## - MAIN ENTRY--PERSONAL NAME
Personal name Nagelhout, Ryan
Relator term Author
245 ## - TITLE STATEMENT
Title Be a geologist /
Statement of responsibility, etc. By Ryan Nagelhout
260 ## - PUBLICATION, DISTRIBUTION, ETC.
Place of publication, distribution, etc. New York :
Name of publisher, distributor, etc. Scholastic ,
Date of publication, distribution, etc. 2015
300 ## - PHYSICAL DESCRIPTION
Extent 32 pages :
Other physical details color illustrations ;
Dimensions 26 cm
505 ## - FORMATTED CONTENTS NOTE
Formatted contents note U<br/>
520 ## - SUMMARY, ETC.
Summary, etc. This appealing book focuses on the different kinds of geologists and the significant work they do. It also describes the rock cycle, plate tectonics, and some other important earth-science concepts that will inspire readers to consider a career in geology.
521 8# - TARGET AUDIENCE NOTE
Target audience note 960<br/>
Source Lexile<br/>
521 8# - TARGET AUDIENCE NOTE
Target audience note U<br/>
Source Raz-Plus<br/>
650 ## - SUBJECT ADDED ENTRY--TOPICAL TERM
Topical term or geographic name entry element Guided reading
Form subdivision Informational
942 ## - ADDED ENTRY ELEMENTS (KOHA)
Source of classification or shelving scheme Dewey Decimal Classification
Koha item type Books
Suppress in OPAC No
Holdings
Withdrawn status Lost status Source of classification or shelving scheme Damaged status Not for loan Home library Current library Shelving location Date acquired Total Checkouts Full call number Barcode Date last seen Copy number Price effective from Koha item type
    Dewey Decimal Classification     Footprints International School Library Network Toul Tom Poung Campus Footprints International School Library Network Toul Tom Poung Campus TTP Secondary Non-Fiction Bookshelves 10/09/2025   NAG 550.23 QE34.N34 FISTK05556 10/09/2025 1 10/09/2025 Books